Texas Finance Code : credit unions : Credit Union Department, state of Texas, Act of 1997, as adopted by the 75th Legislature : effective September 1, 1997.

Bibliographic Details
Corporate Authors: Texas, Texas. Credit Union Department
Format: Government Document Book
Language:English
Published: [Austin, Tex.] : The Dept., [1997]
Subjects:

MARC

Tag First Indicator Second Indicator Subfields
LEADER 00000cam a2200000 a 4500
001 in00001403943
005 20151020054246.0
008 971114s1997 txu l s000 0 eng d
035 |a (OCoLC)37939021 
035 |9 AHN0915AM 
040 |a IKM  |c IKM  |d TXA  |d UtOrBLW 
049 |a TXAO 
086 |a C4700.4 C86 1997  |2 txdocs 
110 1 |a Texas. 
240 1 0 |a Texas Credit Union Act (1997) 
245 1 0 |a Texas Finance Code :  |b credit unions : Credit Union Department, state of Texas, Act of 1997, as adopted by the 75th Legislature : effective September 1, 1997. 
264 1 |a [Austin, Tex.] :  |b The Dept.,  |c [1997] 
300 |a vii, 66 pages ;  |c 23 cm. 
336 |a text  |b txt  |2 rdacontent 
337 |a unmediated  |b n  |2 rdamedia 
338 |a volume  |b nc  |2 rdacarrier 
500 |a Cover title. 
500 |a "Texas Credit Union Act, 75th Leg., R.S., ch. 338, 1997 Tex. Sess. Law Serv. 1450 (to be codified at Tex. Fin. Code Ann."--P. 1. 
650 0 |a Credit unions  |x Law and legislation  |z Texas. 
710 1 |a Texas.  |b Credit Union Department. 
999 |a MARS 
999 f f |s 723c2e30-fd9c-356d-8d84-ded554b6eaf9  |i dc90d7a5-cb81-35c1-a7a3-42a65fd86054  |t 0 
952 f f |p normal  |a Texas A&M University  |b College Station  |c Sterling C. Evans Library  |d Evans: Texas Documents (Annex 5th floor)  |t 0  |e C4700.4 C86 1997  |h Other scheme  |i unmediated -- volume  |m A14821907214 
998 f f |a C4700.4 C86 1997  |t 0  |l Evans: Texas Documents (Annex 5th floor)